|
|
|
|
| LEADER |
00000nam0a2200000 4500 |
| 001 |
18516 |
| 005 |
20231030191316.0 |
| 010 |
|
|
|a 5268008811
|
| 035 |
|
|
|a (RuTPU)RU\TPU\book\18666
|
| 035 |
|
|
|a BOOK00018735
|
| 090 |
|
|
|a 18516
|
| 100 |
|
|
|a 20011209d1989 m y0rusy50 ca
|
| 101 |
0 |
|
|a rus
|
| 102 |
|
|
|a RU
|
| 105 |
|
|
|a y z 000zb
|
| 200 |
1 |
|
|a Те десять лет. Воспоминания о Н. С. Хрущеве
|f А. И. Аджубей
|
| 210 |
|
|
|a Москва
|c Советская Россия
|d 1989
|
| 215 |
|
|
|a 333 с.
|
| 600 |
|
1 |
|a Хрущев
|g Никита Сергеевич
|b Н. С.
|f 1894-1971
|c политический и государственный деятель
|c в 1953-64 1-й секретарь ЦК КПСС
|2 stltpui
|3 (RuTPU)RU\TPU\pers\395
|
| 610 |
1 |
|
|a политика
|
| 610 |
1 |
|
|a история
|
| 610 |
1 |
|
|a КПСС
|
| 610 |
1 |
|
|a СССР
|
| 610 |
1 |
|
|a государственные деятели
|
| 610 |
1 |
|
|a политические деятели
|
| 686 |
|
|
|a Ф61(2)8
|v LBC/SL-A
|2 rubbk
|
| 700 |
|
1 |
|a Аджубей
|b А. И.
|g Алексей Иванович
|
| 801 |
|
0 |
|a RU
|b 63413507
|c 20011209
|g PSBO
|
| 801 |
|
2 |
|a RU
|b 63413507
|c 20140331
|g PSBO
|
| 942 |
|
|
|c BK
|